[Event "CZE-chT2F 1112"]
[Site "Czech Republic"]
[Date "2012.04.22"]
[Round "11.57"]
[White "Jarolim, Jan"]
[Black "Izakovic, Petr"]
[Result "1-0"]
[WhiteElo "1880"]
[BlackElo "1708"]
[PlyCount "93"]
[EventDate "2011.10.09"]
[EventType "team-tourn"]
[EventRounds "11"]
[EventCountry "CZE"]
[SourceTitle "EXT 2013"]
[Source "ChessBase"]
[SourceDate "2012.11.22"]
[SourceVersion "1"]
[SourceVersionDate "2012.11.22"]
[SourceQuality "1"]
[WhiteTeam "Poruba VOKD"]
[BlackTeam "Havirov II"]
[WhiteTeamCountry "CZE"]
[BlackTeamCountry "CZE"]

1. e4 c5 2. Nf3 Nc6 3. d4 cxd4 4. Nxd4 d6 5. c4 Nf6 6. Nc3 e6 7. Be3 Bd7 8. Be2 a6 9. 0-0 Be7 10. Rb1 Nxd4 11. Qxd4 e5 12. Qd3 Qc7 13. Rbd1 Bc6 14. f4 Rd8 15. Kh1 h5 16. f5 b6 17. Rf3 h4 18. Rh3 Qb7 19. Nd5 Nxd5 20. cxd5 Bb5 21. Qd2 Bxe2 22. Qxe2 Bf6 23. Rc1 b5 24. Bf2 Ke7 25. Rhc3 Rc8 26. Qc2 Kd7 27. Be3 Be7 28. Kg1 Rxc3 29. Qxc3 Rc8 30. Qxc8+ Qxc8 31. Rxc8 Kxc8 32. Kf2 g5 33. fxg6 fxg6 34. Kf3 a5 35. Kg4 h3 36. Kxh3 Kb7 37. Kg4 b4 38. Bg5 Bf8 39. b3 Kb6 40. Be3+ Kb5 41. Kg5 Be7+ 42. Kxg6 Bd8 43. Kf5 a4 44. g4 axb3 45. axb3 Bb6 46. Bxb6 Kxb6 47. g5 1-0

[Event "CZE-chT2F 1112"]
[Site "Czech Republic"]
[Date "2012.02.19"]
[Round "8.18"]
[White "Kadlec, Pavel"]
[Black "Izakovic, Petr"]
[Result "1-0"]
[WhiteElo "1885"]
[BlackElo "1708"]
[PlyCount "99"]
[EventDate "2011.10.09"]
[EventType "team-tourn"]
[EventRounds "11"]
[EventCountry "CZE"]
[SourceTitle "EXT 2013"]
[Source "ChessBase"]
[SourceDate "2012.11.22"]
[SourceVersion "1"]
[SourceVersionDate "2012.11.22"]
[SourceQuality "1"]
[WhiteTeam "Koprivnice Tatra"]
[BlackTeam "Havirov II"]
[WhiteTeamCountry "CZE"]
[BlackTeamCountry "CZE"]

1. d4 d5 2. Nf3 Nf6 3. c4 c6 4. Nc3 Bf5 5. Bg5 e6 6. e3 Be7 7. Be2 h6 8. Bh4 Nbd7 9. 0-0 dxc4 10. Bxc4 Bd6 11. e4 g5 12. exf5 gxh4 13. fxe6 fxe6 14. Bxe6 Qc7 15. Rc1 a6 16. Qd3 0-0-0 17. d5 c5 18. Rfe1 Kb8 19. a4 Ne5 20. Nxe5 Bxe5 21. Qh3 Nh5 22. Qxh4 Nf4 23. Rcd1 Qg7 24. g3 Nxe6 25. dxe6 Bf6 26. Qc4 Rxd1 27. Rxd1 Bd4 28. Ne2 Qg4 29. Qd3 Qxe6 30. Nxd4 cxd4 31. Qxd4 Rf8 32. Qd6+ Qxd6 33. Rxd6 h5 34. f4 h4 35. Kg2 Rc8 36. Rd2 a5 37. Kh3 hxg3 38. hxg3 Rc4 39. b3 Rc3 40. Rb2 Kc7 41. b4 Rc4 42. bxa5 Rxa4 43. Rb5 Kc6 44. Re5 Rd4 45. Kh4 Kd6 46. Kg5 Rc4 47. Kf5 Rc8 48. g4 Rf8+ 49. Ke4 Rc8 50. g5 1-0

[Event "CZE-chT2F 1112"]
[Site "Czech Republic"]
[Date "2011.12.04"]
[Round "4.18"]
[White "Kozel, Jiri"]
[Black "Izakovic, Petr"]
[Result "1-0"]
[WhiteElo "1943"]
[BlackElo "1708"]
[PlyCount "60"]
[EventDate "2011.10.09"]
[EventType "team-tourn"]
[EventRounds "11"]
[EventCountry "CZE"]
[SourceTitle "EXT 2013"]
[Source "ChessBase"]
[SourceDate "2012.11.22"]
[SourceVersion "1"]
[SourceVersionDate "2012.11.22"]
[SourceQuality "1"]
[WhiteTeam "Frydek Mistek II"]
[BlackTeam "Havirov II"]
[WhiteTeamCountry "CZE"]
[BlackTeamCountry "CZE"]

1. e4 c5 2. Nf3 Nc6 3. d4 cxd4 4. Nxd4 d6 5. Nc3 a6 6. Be3 Nf6 7. f3 Nxd4 8. Bxd4 Bd7 9. Qd2 e5 10. Be3 Be7 11. g4 h6 12. 0-0-0 Bc6 13. Kb1 Qc7 14. Qf2 Nd7 15. Bc4 Rf8 16. Bd5 Qa5 17. h4 0-0-0 18. a3 Kc7 19. Ka2 Kb8 20. Rb1 Qc7 21. Rbg1 g5 22. hxg5 hxg5 23. Rh7 Rc8 24. Bb3 Ka8 25. Rgh1 b5 26. Rxf7 Rxf7 27. Bxf7 b4 28. axb4 Rb8 29. Nd5 Qb7 30. Nxe7 Qxb4 1-0